000
00206nam a22000857a 4500
008
170110b xxu||||| |||| 00| 0 eng d
100
_9
2292
_a
Scholastic inc
245
_a
Franklin is Messy
260
_a
Canada
_c
2008
999
_c
5189
_d
5189